| 000 | 00620nam a2200205 a 4500 | ||
|---|---|---|---|
| 005 | 20140310183539.0 | ||
| 008 | 111025s19uu xx 00 eng d | ||
| 020 | _a9781847872623 | ||
| 050 |
_aHV 4998 _b.P93 2010 |
||
| 100 | _aPycroft, Aaron | ||
| 245 |
_aUnderstanding & working with substance misusers / _cAaron Pycroft. |
||
| 260 |
_aLondon : _bSAGE Publications, _c2010. |
||
| 300 |
_a168 p. : _c23 cm. |
||
| 650 | _aSubstance abuse | ||
| 650 |
_aSubstance abuse _xTreatment |
||
| 650 |
_aSubstance-related disorders _xTherapy |
||
| 650 |
_aDrug users _xPsychology |
||
| 942 |
_cBK _2lcc _kFOR |
||
| 999 |
_c24776 _d24776 |
||